000 00901nam a22002772 4500
001 3677
003 BD-RjUL
005 20211208233753.0
008 131219s1967 enkabf b 001 0 eng
035 _aOCLC ocm00957646 from D980424M
_a(BD-RjUL)3711
040 _aDLC
_cDLC
_dUKM
_dEQO
_dBD-RjUL
_beng
041 _aeng
082 _a341
_bSCM 1967
100 1 _aSchwarzenberger, Georg,
_d1908-
_911680
245 1 2 _aA manual of international law /
_cby Georg Schwarzenberger.
250 _a5th ed.
260 _aLondon :
_bpublished under the auspices of the London Institute of World Affairs ,
_c1967.
300 _alix, 701 p. :
_billus. ;
_c22 cm.
504 _aIncludes Index & Bibliography: p. 403-621.
650 0 _aInternational law.
_911681
830 0 _vno. 3
_9232423
830 0 _aLibrary of world affairs,
_9232424
942 _2ddc
_cBK
999 _c3677
_d3677